[Event "EU-ch U16 Girls 31st"]
[Site "Mamaia"]
[Date "2023.09.08"]
[Round "4"]
[White "Kapolkova, Greta"]
[Black "Abdinova, Narmin"]
[Result "0-1"]
[WhiteElo "1796"]
[BlackElo "2032"]
[PlyCount "226"]
[EventDate "2023.09.05"]
[EventType "swiss"]
[EventRounds "9"]
[EventCountry "ROU"]
[SourceTitle "CBM 216 Extra"]
[Source "ChessBase"]
[SourceDate "2023.11.30"]
[SourceVersion "1"]
[SourceVersionDate "2023.11.30"]
[SourceQuality "1"]

1. e4 c5 2. Nf3 a6 3. g3 b5 4. Bg2 Bb7 5. Qe2 d6 6. a4 Nf6 7. d3 g6 8. c3 Bg7 9. Nbd2 0-0 10. 0-0 e6 11. Ne1 Nfd7 12. f4 Nc6 13. Nc2 Re8 14. Qf2 Nb6 15. axb5 axb5 16. Rxa8 Bxa8 17. f5 exf5 18. exf5 Ne5 19. fxg6 fxg6 20. Bxa8 Qxa8 21. Ne1 Kh8 22. Ndf3 Ng4 23. Qg2 Ne3 24. Bxe3 Rxe3 25. Nc2 Re8 26. Ng5 Qxg2+ 27. Kxg2 Kg8 28. Ne4 c4 29. Nxd6 Rd8 30. dxc4 Rxd6 31. c5 Rd2+ 32. Rf2 Rxf2+ 33. Kxf2 Nc4 34. c6 Kf7 35. Na3 Ke7 36. Nxb5 Nxb2 37. Ke2 Nc4 38. h4 Be5 39. Kf3 Na5 40. c7 Kd7 41. Kg4 h6 42. h5 g5 43. Kf3 Nc4 44. g4 Bxc7 45. Nd4 Ne5+ 46. Ke4 Nxg4 47. Kf5 Ne5 48. Ne6 Bd6 49. Nxg5 hxg5 50. Kxg5 Ke6 51. h6 Be7+ 52. Kf4 Nf7 53. h7 Bf6 54. c4 Be5+ 55. Kg4 Nh8 56. c5 Kd5 57. Kf5 Bc3 58. Kf4 Kxc5 59. Ke3 Kd6 60. Kd3 Ba1 61. Ke4 Ke6 62. Kd3 Kf7 63. Ke4 Kg7 64. Kd5 Bb2 65. Ke4 Kxh7 66. Kd5 Kg7 67. Ke4 Kf6 68. Kd5 Ng6 69. Ke4 Ke6 70. Kd3 Kd5 71. Ke3 Bd4+ 72. Kf3 Ke5 73. Kg4 Ke4 74. Kg3 Ne5 75. Kg2 Kf4 76. Kh1 Kg4 77. Kg2 Nd3 78. Kh1 Kf3 79. Kh2 Nf2 80. Kg1 Be5 81. Kf1 Bh2 82. Ke1 Ne4 83. Kd1 Bg3 84. Kc2 Ke3 85. Kb3 Kd4 86. Kb4 Nc5 87. Kb5 Kd5 88. Kb6 Bb8 89. Kb5 Bc7 90. Kb4 Be5 91. Kb5 Nd7 92. Kb4 Bd4 93. Kb5 Bc5 94. Ka6 Kc6 95. Ka5 Nb6 96. Ka6 Nd5 97. Ka5 Bb6+ 98. Ka4 Kc5 99. Kb3 Ba5 100. Ka4 Bb4 101. Kb3 Kb5 102. Kc2 Kc4 103. Kd1 Kd3 104. Kc1 Ne3 105. Kb2 Kc4 106. Ka2 Kc3 107. Kb1 Ba3 108. Ka2 Bc1 109. Kb1 Bd2 110. Ka2 Nc4 111. Kb1 Kb3 112. Ka1 Be3 113. Kb1 Na3+ 0-1

[Event "Skalica op-B"]
[Site "Skalica"]
[Date "2023.08.27"]
[Round "9"]
[White "Palka, Miroslav"]
[Black "Kapolkova, Greta"]
[Result "0-1"]
[WhiteElo "1628"]
[BlackElo "1709"]
[PlyCount "56"]
[EventDate "2023.08.19"]
[EventType "swiss"]
[EventRounds "9"]
[EventCountry "SVK"]
[SourceTitle "CBM 215 Extra"]
[Source "ChessBase"]
[SourceDate "2023.09.30"]
[SourceVersion "1"]
[SourceVersionDate "2023.09.30"]
[SourceQuality "1"]

1. c4 e5 2. Nc3 Nf6 3. e4 Bc5 4. h3 d6 5. d3 Nc6 6. Bg5 h6 7. Bh4 g5 8. Bg3 h5 9. h4 g4 10. Qd2 Be6 11. Nge2 Ng8 12. Nd5 a5 13. Nec3 Nce7 14. Be2 Bxd5 15. cxd5 f5 16. f4 gxf3 17. Bxf3 f4 18. Bf2 Bxf2+ 19. Qxf2 Nf6 20. 0-0-0 Ng6 21. g3 Qe7 22. Ne2 fxg3 23. Qxg3 Rg8 24. Qg5 Nf4 25. Bxh5+ N4xh5 26. Qf5 Qd7 27. Qf3 0-0-0 28. d4 Qg4 0-1

[Event "Skalica op-B"]
[Site "Skalica"]
[Date "2023.08.22"]
[Round "4"]
[White "Dejanovic, Tereza"]
[Black "Kapolkova, Greta"]
[Result "0-1"]
[WhiteElo "1863"]
[BlackElo "1709"]
[PlyCount "42"]
[EventDate "2023.08.19"]
[EventType "swiss"]
[EventRounds "9"]
[EventCountry "SVK"]
[SourceTitle "CBM 215 Extra"]
[Source "ChessBase"]
[SourceDate "2023.09.30"]
[SourceVersion "1"]
[SourceVersionDate "2023.09.30"]
[SourceQuality "1"]

1. e4 e5 2. Nf3 Nc6 3. Bb5 f5 4. d3 fxe4 5. dxe4 Nf6 6. Nbd2 Bc5 7. a3 d6 8. Bc4 Bg4 9. c3 Qe7 10. 0-0 Nd8 11. Re1 Be6 12. b4 Bb6 13. Bxe6 Nxe6 14. Nc4 0-0 15. Nxb6 axb6 16. Nh4 Qf7 17. Qf3 Kh8 18. Qe2 Nxe4 19. Be3 Nxc3 20. Qc4 Na4 21. Red1 Nb2 0-1

[Event "Piestany Slovakia op-B"]
[Site "Piestany"]
[Date "2023.07.17"]
[Round "7"]
[White "Kruzliak, Damian"]
[Black "Kapolkova, Greta"]
[Result "1-0"]
[WhiteElo "1542"]
[BlackElo "1709"]
[PlyCount "115"]
[EventDate "2023.07.11"]
[EventType "swiss"]
[EventRounds "9"]
[EventCountry "SVK"]
[SourceTitle "EXT 2024"]
[Source "ChessBase"]
[SourceDate "2023.10.10"]
[SourceVersion "1"]
[SourceVersionDate "2023.10.10"]
[SourceQuality "1"]

1. e4 e5 2. Nc3 Nc6 3. Bc4 Bc5 4. Qg4 g6 5. Qf3 Qf6 6. Nd5 Qxf3 7. Nxf3 Bb6 8. Ng5 Nd8 9. 0-0 f6 10. Nxh7 Rxh7 11. Nxb6 axb6 12. Bxg8 Rh8 13. Bb3 d6 14. f4 Ke7 15. d3 Nc6 16. c3 Bg4 17. Bc2 Be6 18. b3 f5 19. fxe5 dxe5 20. Bg5+ Ke8 21. a4 Rh7 22. Rad1 Rd7 23. exf5 Bxf5 24. Rfe1 Kf7 25. h3 Rd6 26. g4 Bd7 27. Rf1+ Kg7 28. Rde1 Re8 29. Bh4 Rf8 30. Rxf8 Kxf8 31. Bg3 Re6 32. g5 Re7 33. h4 Bf5 34. Rf1 Rf7 35. Re1 Re7 36. Re3 Kf7 37. Kf2 Ke6 38. b4 Kd6 39. Bb3 Nb8 40. d4 Nd7 41. dxe5+ Nxe5 42. Rxe5 Rxe5 43. Bxe5+ Kxe5 44. Ke3 Bb1 45. Bd1 Kf5 46. Bf3 b5 47. a5 c6 48. a6 bxa6 49. Bxc6 Kg4 50. Bb7 Kxh4 51. Kf4 Bd3 52. Bxa6 Kh5 53. Bb7 Bc4 54. Bg2 Bd3 55. Bf3+ Kh4 56. Be4 Bxe4 57. Kxe4 Kxg5 58. c4 1-0

[Event "SVK-chB op"]
[Site "Bratislava"]
[Date "2023.07.07"]
[Round "7"]
[White "Kapolkova, Greta"]
[Black "Biro, Karol"]
[Result "0-1"]
[WhiteElo "1709"]
[BlackElo "2016"]
[PlyCount "98"]
[EventDate "2023.07.01"]
[EventType "swiss"]
[EventRounds "9"]
[EventCountry "SVK"]
[SourceTitle "CBM 215 Extra"]
[Source "ChessBase"]
[SourceDate "2023.09.30"]
[SourceVersion "1"]
[SourceVersionDate "2023.09.30"]
[SourceQuality "1"]

1. e4 c6 2. d4 g6 3. Nf3 d6 4. Nc3 Bg7 5. Be2 Qc7 6. 0-0 Nd7 7. Be3 Ngf6 8. h3 0-0 9. a4 e5 10. dxe5 dxe5 11. Bc4 h6 12. Qd2 Kh7 13. Rfd1 Nh5 14. Ne2 f5 15. exf5 gxf5 16. Qd6 Qxd6 17. Rxd6 Nb6 18. Bxb6 axb6 19. c3 e4 20. Nh2 b5 21. Bb3 Be5 22. Rdd1 bxa4 23. Rxa4 Rxa4 24. Bxa4 Be6 25. Bc2 Nf6 26. Nf1 Bc7 27. Nd4 Bc8 28. Re1 Kh8 29. Bb3 f4 30. Be6 c5 31. Bxc8 Rxc8 32. Nc2 Rd8 33. Na3 Kg7 34. Nc4 Kg6 35. Ncd2 Re8 36. b4 cxb4 37. cxb4 Bd6 38. Nc4 Bxb4 39. Rb1 Bc5 40. Rxb7 e3 41. fxe3 fxe3 42. Nfxe3 Bxe3+ 43. Nxe3 Rxe3 44. Kf2 Ra3 45. Rb5 Ne4+ 46. Kg1 h5 47. Rb4 Re3 48. g4 h4 49. Kg2 Ng5 0-1

[Event "SVK-ch U16 Girls"]
[Site "Dudince"]
[Date "2023.04.21"]
[Round "7"]
[White "Kapolkova, Greta"]
[Black "Jursova, Elena"]
[Result "1-0"]
[WhiteElo "1790"]
[BlackElo "1287"]
[PlyCount "99"]
[EventDate "2023.04.16"]
[EventType "swiss"]
[EventRounds "9"]
[EventCountry "SVK"]
[SourceTitle "CBM 213 Extra"]
[Source "ChessBase"]
[SourceDate "2023.05.31"]
[SourceVersion "1"]
[SourceVersionDate "2023.05.31"]
[SourceQuality "1"]

1. e4 c5 2. Nf3 e6 3. d4 cxd4 4. Nxd4 a6 5. c4 Bc5 6. Nb3 Ba7 7. Nc3 Nc6 8. Be2 Nge7 9. Bf4 e5 10. Bg5 0-0 11. g4 Qc7 12. Qd2 d6 13. Rd1 Nd4 14. Nxd4 Bxd4 15. Bxe7 Qxe7 16. h4 Qf6 17. Rh2 Be6 18. g5 Qe7 19. f4 f5 20. gxf6 Rxf6 21. f5 Bf7 22. Rc1 Kh8 23. h5 Rg8 24. Nb1 Rh6 25. Bf3 Rc8 26. b3 Qc7 27. Kd1 b5 28. cxb5 Qxc1+ 29. Qxc1 Rxc1+ 30. Kxc1 axb5 31. Rh1 Rf6 32. Kd2 Be8 33. Nc3 Rf7 34. Rc1 Kg8 35. Be2 Rb7 36. Nd5 Kf7 37. Nc7 Bc5 38. Ne6 Kf6 39. Nxc5 dxc5 40. Rxc5 Bd7 41. a3 b4 42. a4 Ra7 43. a5 Be8 44. a6 Bd7 45. Ke3 Be8 46. Rc8 Bf7 47. Rb8 Bxb3 48. Rxb4 Bf7 49. Rb6+ Kg5 50. Rb7 1-0